| 000 | 00915cam a2200217 4500 | ||
|---|---|---|---|
| 001 | WB3732-23 | ||
| 008 | 010828n2001 000 0 eng u | ||
| 035 | _a(Sirsi) u114358 | ||
| 245 | _aEU Health and Safety Directive | ||
| 260 | _c2001 | ||
| 490 |
_aRICS European Alert _vAugust 2001, 3(1) |
||
| 520 | _aThe EU has adopted a Directive amending Directive 80/655/EEC on the minimum health and safety requirements for the use of work equipment by employees in the workplace. The amendments relate specifically to the use of work equipment provided for temporary work at height. A copy of the legislation can be viewed at: http://www.europa.eu.int/eurlex/en/dat/2001/l_195/l_19520010719en00460049.pdf | ||
| 590 | _aWB | ||
| 650 | _aDIRECTIVE 80/655/EEC | ||
| 650 | _aAMENDMENTS | ||
| 650 | _aWORKPLACE | ||
| 650 | _aLADDERS | ||
| 650 | _aSCAFFOLDING | ||
| 690 |
_aHealth and safety _96244 |
||
| 942 | _n0 | ||
| 999 |
_c68099 _d68099 |
||